| 000 | 01295nam a22002537a 4500 | ||
|---|---|---|---|
| 999 |
_c62867 _d62867 |
||
| 003 | Ge_BSU | ||
| 005 | 20250312163937.0 | ||
| 008 | 250312s1990 ge ||||| |||| 00| 0 geo d | ||
| 041 | _ageo | ||
| 080 | _a572 ჯ-14 | ||
| 100 |
_aჯავახიშვილი, ა. _924535 |
||
| 245 |
_aთხზულებანი : _bტ. 1. ანთროპოლოგიური შრომები / _cა. ჯავახიშვილი; რედ. თ. დავითაია, ნ. ჯავახიშვილი, მ. აბდუშელიშვილი და სხვ. |
||
| 264 |
_aთბილისი : _bთსუ, _c1990. |
||
| 300 |
_a380 გვ.: _bილ.; _c27 სმ. |
||
| 500 | _aპარალ. სათ. რუს. და ინგლ. ენაზე | ||
| 501 | _aსაძიებელი გვ. 361-378 | ||
| 653 | _aანთროპოლოგია | ||
| 653 | _aშრომები | ||
| 700 |
_aდავითაია, თ. _eრედაქტორი _924536 |
||
| 700 |
_aჯავახიშვილი, ნ. _eრედაქტორი _924537 |
||
| 700 |
_a აბდუშელიშვილი, მ. და სხვ. _eრედაქტორი _924538 |
||
| 710 |
_aთსუ _924539 |
||
| 942 |
_2udc _cᲬᲘᲒᲜᲘ |
||